[Event "Budha Bhandari Memorial"]
[Site "Budhanilkantha"]
[Date "2019.11.09"]
[Round "1"]
[White "Shrestha, Jen"]
[Black "Sumit, Grover"]
[Result "0-1"]
[WhiteElo "1532"]
[BlackElo "1964"]
[PlyCount "98"]
[EventDate "2019.11.09"]
[EventType "swiss"]
[EventRounds "9"]
[EventCountry "NEP"]
[SourceTitle "CBM 193 Extra"]
[Source "ChessBase"]
[SourceDate "2020.01.31"]
[SourceVersion "1"]
[SourceVersionDate "2020.01.31"]
[SourceQuality "1"]

1. e4 c6 2. d4 d5 3. Nc3 dxe4 4. Nxe4 Bf5 5. Ng3 Bg6 6. Nf3 Nd7 7. Bc4 e6 8. 0-0 Ngf6 9. Re1 Be7 10. Nh4 Qc7 11. Nxg6 hxg6 12. Qf3 0-0-0 13. Bf4 Bd6 14. Bxd6 Qxd6 15. Rad1 Rh4 16. c3 Rdh8 17. h3 g5 18. Ne4 Nxe4 19. Rxe4 Nf6 20. Rxh4 Rxh4 21. Qg3 Qf4 22. Qxf4 gxf4 23. Be2 g5 24. Bf3 Kd7 25. c4 Kd6 26. Rd3 Nd7 27. Kh2 f5 28. g3 fxg3+ 29. fxg3 Rh6 30. Kg2 Nf6 31. b4 a6 32. a4 Rh8 33. b5 axb5 34. axb5 Ra8 35. bxc6 Ra2+ 36. Kg1 bxc6 37. Re3 Ra6 38. Kf2 c5 39. dxc5+ Kxc5 40. g4 Kd4 41. gxf5 Ra2+ 42. Re2 Rxe2+ 43. Bxe2 exf5 44. Kf3 Nd7 45. h4 Ne5+ 46. Kg3 Ke3 47. Bf1 f4+ 48. Kh3 Kf2 49. hxg5 Kxf1 0-1

[Event "Commonwealth-ch"]
[Site "New Delhi"]
[Date "2019.07.07"]
[Round "9"]
[White "Sumit, Grover"]
[Black "Michelle, Catherina P"]
[Result "1/2-1/2"]
[WhiteElo "1875"]
[BlackElo "2182"]
[PlyCount "109"]
[EventDate "2019.06.30"]
[EventType "swiss"]
[EventRounds "9"]
[EventCountry "IND"]
[SourceTitle "CBM 191 Extra"]
[Source "ChessBase"]
[SourceDate "2019.09.30"]
[SourceVersion "1"]
[SourceVersionDate "2019.09.30"]
[SourceQuality "1"]

1. Nf3 d5 2. g3 g6 3. Bg2 Bg7 4. d4 Nf6 5. 0-0 0-0 6. c4 c6 7. cxd5 cxd5 8. Nc3 b6 9. Bf4 Bb7 10. Rc1 a6 11. Ne5 Nc6 12. Nxd5 Nxd5 13. Nxc6 Bxc6 14. Rxc6 Nxf4 15. gxf4 Qxd4 16. Qxd4 Bxd4 17. e3 Bg7 18. Rxb6 Rfb8 19. Bxa8 Rxb6 20. b3 Rb8 21. Bd5 a5 22. Rc1 e6 23. Bf3 Bf8 24. Rc7 Bb4 25. Ra7 Rc8 26. Ra8 Rxa8 27. Bxa8 f6 28. Kf1 Kf7 29. Ke2 Ke7 30. Bb7 Kd6 31. Bc8 Bc3 32. Kd3 Be1 33. f3 h5 34. h3 h4 35. Ba6 Bb4 36. Bb5 g5 37. fxg5 fxg5 38. Ke4 Bc5 39. Be2 Bb4 40. f4 gxf4 41. exf4 Be1 42. Bc4 Ke7 43. Kf3 Kf6 44. Kg4 Ke7 45. a3 Kf6 46. Bd3 Kf7 47. Kg5 Ke7 48. Bc4 Kd6 49. Kf6 Bd2 50. Bxe6 Bxf4 51. Bf7 Kc5 52. Kf5 Bg3 53. Ke4 Bd6 54. Be8 Kb6 55. a4 1/2-1/2

[Event "Commonwealth-ch"]
[Site "New Delhi"]
[Date "2019.07.06"]
[Round "8"]
[White "Bhatt, Jalpan"]
[Black "Sumit, Grover"]
[Result "1/2-1/2"]
[WhiteElo "2001"]
[BlackElo "1875"]
[PlyCount "68"]
[EventDate "2019.06.30"]
[EventType "swiss"]
[EventRounds "9"]
[EventCountry "IND"]
[SourceTitle "CBM 191 Extra"]
[Source "ChessBase"]
[SourceDate "2019.09.30"]
[SourceVersion "1"]
[SourceVersionDate "2019.09.30"]
[SourceQuality "1"]

1. d4 Nf6 2. Bf4 d5 3. e3 c5 4. c3 cxd4 5. exd4 Nc6 6. Bd3 Bg4 7. Qb3 Qc8 8. Nd2 e6 9. Ngf3 Be7 10. 0-0 Bh5 11. Ne5 Nxe5 12. Bxe5 0-0 13. Qc2 Bg6 14. Bxg6 hxg6 15. Qd3 Qc6 16. a4 Nd7 17. Bg3 Rfc8 18. Rfe1 Nb6 19. a5 Nc4 20. Nxc4 Qxc4 21. Qxc4 Rxc4 22. Kf1 Kf8 23. Ke2 Ke8 24. Kd3 Rac8 25. Be5 Bf6 26. Bg3 Kd7 27. Ra3 Be7 28. Ra2 Bd8 29. Rc1 Bf6 30. Re1 Bd8 31. Rc1 Bf6 32. Re1 Be7 33. Be5 Kc6 34. Rea1 Kd7 1/2-1/2

[Event "IND-ch Challengers 54th"]
[Site "Noida"]
[Date "2016.07.14"]
[Round "8"]
[White "Aradhya, Garg"]
[Black "Sumit, Grover"]
[Result "0-1"]
[WhiteElo "2262"]
[BlackElo "2025"]
[PlyCount "89"]
[EventDate "2016.07.09"]
[EventType "swiss"]
[EventRounds "13"]
[EventCountry "IND"]
[SourceTitle "CBM 173 Extra"]
[Source "ChessBase"]
[SourceDate "2016.08.29"]
[SourceVersion "1"]
[SourceVersionDate "2016.08.29"]
[SourceQuality "1"]

1. d4 Nf6 2. c4 e6 3. Nf3 b6 4. a3 Bb7 5. Nc3 d5 6. cxd5 Nxd5 7. Qc2 Be7 8. e4 Nxc3 9. bxc3 0-0 10. Bd3 c5 11. 0-0 Qc8 12. Qe2 Ba6 13. Rd1 Bxd3 14. Rxd3 Nd7 15. e5 cxd4 16. cxd4 Qa6 17. Qe4 h6 18. Bf4 Rfd8 19. Rad1 Rac8 20. Qe3 Bf8 21. h4 b5 22. Nh2 Nb6 23. Qg3 Kh7 24. Rf3 Qa4 25. Re1 Rc7 26. Ng4 Rxd4 27. Ne3 Nd5 28. Nxd5 Rxd5 29. Be3 Qe4 30. Rf1 Qg6 31. Qh2 Qc2 32. Qf4 Qc4 33. Qg3 Rcd7 34. h5 Rd1 35. Rxd1 Rxd1+ 36. Kh2 Qf1 37. Qg4 Qh1+ 38. Kg3 Rg1 39. Qe4+ Kg8 40. Rf4 Qxh5 41. Rg4 Ra1 42. Bxa7 Rxa3+ 43. Be3 Ra4 44. Bd4 Qf5 45. Qe3 0-1

[Event "Chennai op 3rd"]
[Site "Chennai"]
[Date "2011.01.19"]
[Round "3"]
[White "Suresh, Kumar TJ"]
[Black "Sumit, Grover"]
[Result "1/2-1/2"]
[WhiteElo "2204"]
[BlackElo "2044"]
[PlyCount "50"]
[EventDate "2011.01.18"]
[EventType "swiss"]
[EventRounds "11"]
[EventCountry "IND"]
[SourceTitle "CBM 140 Extra"]
[Source "ChessBase"]
[SourceDate "2011.03.01"]
[SourceVersion "1"]
[SourceVersionDate "2011.03.01"]
[SourceQuality "1"]

1. Nf3 d5 2. g3 Nf6 3. Bg2 Bg4 4. 0-0 Nbd7 5. d4 e6 6. Nbd2 Be7 7. Re1 0-0 8. e4 dxe4 9. Nxe4 Nxe4 10. Rxe4 Nf6 11. Re1 c5 12. dxc5 Qxd1 13. Rxd1 Bxc5 14. h3 Bf5 15. Nd4 Rfd8 16. Be3 Be4 17. Bxe4 Nxe4 18. Kg2 Rd7 19. Kf3 Nf6 20. Nb3 Rxd1 21. Rxd1 Bxe3 22. Kxe3 Nd5+ 23. Ke2 Rc8 24. c3 Kf8 25. Rd4 b5 1/2-1/2

[Event "New Delhi Parsvnath op 9th"]
[Site "New Delhi"]
[Date "2011.01.10"]
[Round "5"]
[White "Lamorelle, Julien"]
[Black "Sumit, Grover"]
[Result "1-0"]
[WhiteElo "2342"]
[BlackElo "2044"]
[PlyCount "63"]
[EventDate "2011.01.08"]
[EventType "swiss"]
[EventRounds "11"]
[EventCountry "IND"]
[SourceTitle "CBM 140 Extra"]
[Source "ChessBase"]
[SourceDate "2011.03.01"]
[SourceVersion "1"]
[SourceVersionDate "2011.03.01"]
[SourceQuality "1"]

1. e4 c5 2. Nf3 d6 3. d4 cxd4 4. Nxd4 Nf6 5. Nc3 g6 6. Be3 Bg7 7. f3 0-0 8. Qd2 Nc6 9. 0-0-0 d5 10. Kb1 e5 11. Nxc6 bxc6 12. exd5 cxd5 13. Nxd5 Nxd5 14. Qxd5 Qxd5 15. Rxd5 Be6 16. Rc5 Rfb8 17. Bc1 Rb6 18. b3 a5 19. a4 Rd6 20. Bc4 Bxc4 21. Rxc4 f5 22. Re1 Rad8 23. Bb2 Rd1+ 24. Rxd1 Rxd1+ 25. Ka2 Rd2 26. b4 axb4 27. Kb3 Bf8 28. Bxe5 Rxg2 29. a5 Rf2 30. a6 Rxf3+ 31. c3 bxc3 32. Rc8 1-0